One team football players - Statistics

General Stats
  • This quiz has been taken 1,775 times
  • The average score is 3 of 16
Answer Stats
Answer % Correct
Paolo Maldini
78%
Gary Neville
50%
Tony Adams
44%
Ledley King
37%
Franco Baresi
28%
Lev Yashin
26%
Santiago Bernabeu
13%
Giuseppe Bergomi
11%
Uwe Seeler
9%
Sepp Maier
8%
Giacinto Facchetti
6%
Berti Vogts
5%
Julen Guerrero
4%
Klaus Augenthaler
3%
Bulent Korkmaz
2%
Joao Pinto
2%
No matching quizzes found
Score Distribution
Percent of People with Each Score
Percentile by Number Answered
Your Score History
You have not taken this quiz